Julio Tobar Donoso

Saved in:
Bibliografiske detaljer
Format: Bog
Sprog:spansk
Udgivet: Quito Corporación de Estudios y Publicaciones 1995
Serier:Biblioteca Ecuatoriana Clásica, 32
Fag:
Tags: Tilføj Tag
Ingen Tags, Vær først til at tagge denne postø!

MARC

LEADER 00000nam a2200000 a 4500
001 UCM1767
003 CL-VaPUC
008 020412e19950000EC |||||||||||||||||spa|d
082 0 4 |a 986.6  |b JUL  |2 21 
245 1 0 |a Julio Tobar Donoso 
300 |a 676 p 
942 |c BK 
945 |d 20020412 00:00:00  |a cmena 
260 |a Quito  |b Corporación de Estudios y Publicaciones  |c 1995 
600 0 7 |a TOBAR DONOSO, JULIO  |2 CL-VaPUC  |9 468598 
650 7 |a HISTORIA ECUATORIANA  |2 CL-VaPUC  |9 393516 
583 |a last modification  |c 20020412 00:00:00  |k Rodrigo Vera 
490 0 |a Biblioteca Ecuatoriana Clásica, 32 
999 |c 300008  |d 300006 
952 |0 0  |1 0  |4 0  |6 986_600000000000000_JUL_1995  |7 0  |8 P  |9 357280  |a BIBEDU  |b BIBEDU  |c BIBEDU_PB  |d 2019-11-21  |i 367083K  |o 986.6 JUL 1995  |p 367083K  |r 2024-01-25  |w 2019-11-21  |y BK  |k LIT